000 00246nam a2200109Ia 4500
008 200302s9999 xx 000 0 und d
100 _aPaul Hirshorn & Other
245 _aWhite Towers
260 _bThe Mit Press
260 _c1979
300 _a189 P.,
999 _c441
_d441